[Event "SLO-chT2 Ost"]
[Site "Maribor"]
[Date "2009.10.10"]
[Round "7"]
[White "Drnovsek, Nejc"]
[Black "Brdnik, Roman"]
[Result "1-0"]
[WhiteElo "2125"]
[BlackElo "1867"]
[PlyCount "39"]
[EventDate "2009.05.30"]
[EventType "team-tourn"]
[EventRounds "9"]
[EventCountry "SLO"]
[SourceTitle "EXT 2022"]
[Source "ChessBase"]
[SourceDate "2021.10.06"]
[SourceVersion "1"]
[SourceVersionDate "2021.10.06"]
[SourceQuality "1"]

1. d4 e6 2. c4 d5 3. Nc3 c6 4. Nf3 Bd6 5. e4 dxe4 6. Nxe4 Bc7 7. Ne5 Ba5+ 8. Bd2 Qxd4 9. Bxa5 Qxe4+ 10. Be2 b6 11. Qd6 Ne7 12. 0-0-0 0-0 13. Bf3 Qf5 14. Bb4 Qf4+ 15. Bd2 Qf6 16. Ng4 Qh4 17. g3 Nf5 18. Qxf8+ Kxf8 19. gxh4 Nxh4 20. Be2 1-0

[Event "SLO-chT2 Ost"]
[Site "Maribor"]
[Date "2009.05.30"]
[Round "1"]
[White "Brdnik, Roman"]
[Black "Halik, Tomo"]
[Result "0-1"]
[WhiteElo "1867"]
[BlackElo "2166"]
[PlyCount "40"]
[EventDate "2009.05.30"]
[EventType "team-tourn"]
[EventRounds "9"]
[EventCountry "SLO"]
[SourceTitle "EXT 2022"]
[Source "ChessBase"]
[SourceDate "2021.10.06"]
[SourceVersion "1"]
[SourceVersionDate "2021.10.06"]
[SourceQuality "1"]

1. d4 Nf6 2. c4 e6 3. Nc3 Bb4 4. Bg5 h6 5. Bd2 c5 6. dxc5 Na6 7. a3 Bxc3 8. Bxc3 Nxc5 9. f3 a5 10. b4 axb4 11. axb4 Rxa1 12. Qxa1 Na6 13. b5 Nc5 14. e4 d6 15. Nh3 e5 16. Nf2 Be6 17. Qa3 0-0 18. Bxe5 dxe5 19. Qxc5 Qa5+ 20. Ke2 Nd7 0-1

[Event "SLO-chT2 East"]
[Site "Brezice Maribor"]
[Date "2007.11.17"]
[Round "9"]
[White "Brdnik, Roman"]
[Black "Skasa, Albin"]
[Result "1-0"]
[WhiteElo "1882"]
[BlackElo "1846"]
[PlyCount "35"]
[EventDate "2007.05.26"]
[EventType "team-tourn"]
[EventRounds "9"]
[EventCountry "SLO"]
[SourceTitle "EXT 2010"]
[Source "ChessBase"]
[SourceDate "2010.11.25"]
[SourceVersion "1"]
[SourceVersionDate "2010.11.25"]
[SourceQuality "1"]

1. d4 d5 2. c4 e6 3. Nc3 Nf6 4. Bg5 Be7 5. e3 c6 6. Nf3 Nbd7 7. Be2 h6 8. Bh4 0-0 9. h3 dxc4 10. Bxc4 Nd5 11. Bxe7 Qxe7 12. 0-0 N5b6 13. Bb3 e5 14. d5 cxd5 15. Nxd5 Nxd5 16. Qxd5 e4 17. Nd4 Nf6 18. Qb5 1-0